Mayes' midwifery / (Record no. 6243)
[ view plain ]
| 000 -LEADER | |
|---|---|
| fixed length control field | 00689cam a2200229 i 4500 |
| 003 - CONTROL NUMBER IDENTIFIER | |
| control field | OSt |
| 005 - DATE AND TIME OF LATEST TRANSACTION | |
| control field | 20260702114309.0 |
| 008 - FIXED-LENGTH DATA ELEMENTS--GENERAL INFORMATION | |
| fixed length control field | 190909s2017 stka b 001 0 eng |
| 020 ## - INTERNATIONAL STANDARD BOOK NUMBER | |
| International Standard Book Number | 9780323834827 |
| Qualifying information | (paperback) |
| 020 ## - INTERNATIONAL STANDARD BOOK NUMBER | |
| Canceled/invalid ISBN | 9780323834834 |
| Qualifying information | (eISBN) |
| 040 ## - CATALOGING SOURCE | |
| Original cataloging agency | KABLIB |
| Language of cataloging | eng |
| Description conventions | rda |
| Transcribing agency | KABLIB |
| 082 00 - DEWEY DECIMAL CLASSIFICATION NUMBER | |
| Classification number | 618.2 |
| Edition number | 23 |
| Item number | MAY |
| 245 00 - TITLE STATEMENT | |
| Title | Mayes' midwifery / |
| Statement of responsibility, etc. | Sue Macdonald, Gail Johnson (editors) |
| 250 ## - EDITION STATEMENT | |
| Edition statement | 16 ed. |
| 264 #1 - PRODUCTION, PUBLICATION, DISTRIBUTION, MANUFACTURE, AND COPYRIGHT NOTICE | |
| Place of production, publication, distribution, manufacture | New York : |
| Name of producer, publisher, distributor, manufacturer | Elsevier, |
| Date of production, publication, distribution, manufacture, or copyright notice | c2024 |
| 300 ## - PHYSICAL DESCRIPTION | |
| Extent | xviii,1514 p. ; |
| Other physical details | ill,col, |
| Dimensions | 24 cm |
| 504 ## - BIBLIOGRAPHY, ETC. NOTE | |
| Bibliography, etc. note | includes references, indexes |
| 650 #0 - SUBJECT ADDED ENTRY--TOPICAL TERM | |
| Topical term or geographic name entry element | Midwifery. |
| 700 1# - ADDED ENTRY--PERSONAL NAME | |
| Personal name | Macdonald, Sue |
| Relator term | editor. |
| 9 (RLIN) | 15871 |
| 700 1# - ADDED ENTRY--PERSONAL NAME | |
| Personal name | Johnson, Gail |
| Relator term | editor. |
| 9 (RLIN) | 15872 |
| 942 ## - ADDED ENTRY ELEMENTS (KOHA) | |
| Source of classification or shelving scheme | Dewey Decimal Classification |
| Koha item type | Book |
| Withdrawn status | Lost status | Source of classification or shelving scheme | Damaged status | Not for loan | Home library | Current library | Shelving location | Date acquired | Source of acquisition | Total Checkouts | Full call number | Barcode | Date last seen | Price effective from | Koha item type |
|---|---|---|---|---|---|---|---|---|---|---|---|---|---|---|---|
| Dewey Decimal Classification | School of Medicine Library | School of Medicine Library | Open Access Section | 02.07.2026 | purchased | 618.2 MAY | 14964 | 02.07.2026 | 02.07.2026 | Book | |||||
| Dewey Decimal Classification | School of Medicine Library | School of Medicine Library | Open Access Section | 02.07.2026 | purchased | 618.2 MAY | 14965 | 02.07.2026 | 02.07.2026 | Book | |||||
| Dewey Decimal Classification | School of Medicine Library | School of Medicine Library | Open Access Section | 02.07.2026 | purchased | 618.2 MAY | 14966 | 02.07.2026 | 02.07.2026 | Book |